000 00279nam a22001217a 4500
008 180123b xxu||||| |||| 00| 0 eng d
041 _aeng
080 _a33
100 _a58
101 _aBIZ
245 _aGordon tullock welfare for the well-to-do
_cTullock,G
942 _2udc
_cBK
999 _c40722
_d40722